| 000 | 00316nam a2200121Ia 4500 | ||
|---|---|---|---|
| 008 | 240731s9999 xx 000 0 und d | ||
| 022 | _a2051-820X | ||
| 245 | 0 | _aJournal of Community Archaeology & Heritage | |
| 260 | _bRoutledge | ||
| 856 | _uhttps://www.tandfonline.com/loi/ycah20 | ||
| 942 | _2ddc | ||
| 942 | _cTFEJ | ||
| 999 |
_c77557 _d77557 |
||
| 945 |
_a1 _bMadushi Gamage _c1 _dMadushi Gamage |
||